Southville International School and Colleges
Your cart is empty.
  • Cart
  • Lists
    Public lists Eva Luna New books Lux_list list_1
    Your lists Log in to create your own lists
  • Log in to your account
  • Your cookies
  • Search history
Southville International School and Colleges
  • Advanced search
  • Recent comments
  • Most popular
  • Libraries

Log in to your account

Log in with GOOGLE


If you do not have an external account, but do have a local account, you can still log in:

  1. Home
  2. MARC view: Facilities management /
Normal view MARC view ISBD view

Facilities management / (Record no. 15950)

[ view plain ]
MARC details
000 -LEADER
fixed length control field 00576nam a22002057a 4500
003 - CONTROL NUMBER IDENTIFIER
control field OSt
005 - DATE AND TIME OF LATEST TRANSACTION
control field 20140310182800.0
008 - FIXED-LENGTH DATA ELEMENTS--GENERAL INFORMATION
fixed length control field 130213t xxu||||| |||| 00| 0 eng d
020 ## - INTERNATIONAL STANDARD BOOK NUMBER
International Standard Book Number 0866120467
050 ## - LIBRARY OF CONGRESS CALL NUMBER
Classification number TH 3411
Item number .St859 1996
082 ## - DEWEY DECIMAL CLASSIFICATION NUMBER
Classification number G 647.94
Item number St5 1996
100 ## - MAIN ENTRY--PERSONAL NAME
Personal name Stipanuk, David M.
9 (RLIN) 19063
245 ## - TITLE STATEMENT
Title Facilities management /
Statement of responsibility, etc David M. Stipanuk and Harold Roffman
260 ## - PUBLICATION, DISTRIBUTION, ETC. (IMPRINT)
Place of publication, distribution, etc New York
Name of publisher, distributor, etc Van Nostrand Reinhold
Date of publication, distribution, etc c1996.
300 ## - PHYSICAL DESCRIPTION
Extent 252 p. :
Dimensions 26 cm.
526 ## - STUDY PROGRAM INFORMATION NOTE
Reading level 1210L-1700L
942 ## - ADDED ENTRY ELEMENTS (KOHA)
Source of classification or shelving scheme Library of Congress Classification
Koha item type
Holdings
Withdrawn status Lost status Source of classification or shelving scheme Damaged status Home library Current library Shelving location Date acquired Total Checkouts Total Renewals Full call number Barcode Date last seen Date checked out Copy number Price effective from Koha item type
    Library of Congress Classification   College Library College Library General Circulation Section 02/13/2013 4 19 TH 151 .M727 1983 c2360 11/23/2019 10/14/2019 1 02/13/2013 Books

Facilities management /

APA

Stipanuk D. M., . (1996). Facilities management. New York: Van Nostrand Reinhold.

Chicago

Stipanuk David M, . 1996. Facilities management. New York: Van Nostrand Reinhold.

Harvard

Stipanuk D. M., . (1996). Facilities management. New York: Van Nostrand Reinhold.

MLA

Stipanuk David M, . Facilities management. New York: Van Nostrand Reinhold. 1996.

  • Place hold
  • Print
  • Cite
  • Add to your cart (remove)
  • Save record
    BIBTEX Dublin Core MARCXML MARC (non-Unicode/MARC-8) MARC (Unicode/UTF-8) MARC (Unicode/UTF-8, Standard) MODS (XML) RIS
  • More searches
    Search for this title in:
    Other Libraries (WorldCat) Other Databases (Google Scholar) Online Stores (Bookfinder.com) Open Library (openlibrary.org)

Exporting to Dublin Core...

SOUTHVILLE LIBRARY

Southville International School and Colleges Library

1281 Tropical Ave. Cor. Luxembourg St., BF Homes International, Las Pinas City

Tel. No. 8256374 / 252358 Loc. 117/146

Powered by Koha